What Movie? Back to the Camera IV Quiz Stats

 Plays Quiz Updated May 15, 2016

Score 0/25 Timer 08:00
5 Plays Today
% Correct
The Sound of Music
95.5%
Titanic
87.9%
Scarface
86.5%
Beauty and the Beast
85.7%
Rain Man
83.3%
Life of Pi
74.2%
Dirty Dancing
68%
Harry Potter and the Deathly Hallows – Part 2
66.1%
Good Will Hunting
65.1%
The Hurt Locker
62%
Beetlejuice
59.9%
X-Men
58.6%
Maze Runner
53.6%
% Correct
There Will Be Blood
51.6%
10 Things I Hate About You
48.4%
8 Mile
43.9%
The Fifth Element
42.6%
Hancock
41.6%
The Outsiders
39.1%
Inglourious Basterds
35.8%
Cocoon
27.2%
The Imitation Game
25.4%
Sleepy Hollow
20.8%
Cape Fear
20.3%
Chinatown
7.6%

You're not logged in!

Compare scores with friends on all Sporcle quizzes.
Join for Free
OR
Log In

You Might Also Like...

Show Comments

Extras

Top Quizzes Today


Score Distribution

Your Account Isn't Verified!

In order to create a playlist on Sporcle, you need to verify the email address you used during registration. Go to your Sporcle Settings to finish the process.

Report this User

Report this user for behavior that violates our Community Guidelines.

Details: